000 00658cam a2200193 i 4500
005 20260204110404.0
008 250721s2005 ua gr 000 0 ara d
082 1 4 _a395
_bس ا ل
100 1 _aسالم، أماني ماهر
_eمؤلف.
245 1 2 _aالإتيكيت وآداب التصرف /
_cتأليف أماني ماهر سالم.
250 _aالطبعة الأولى.
264 3 1 _aالجيزة :
_bمكتبة النافذة،
_c2005.
300 _a143صفحة.
650 1 7 _aآداب السلوك.
650 1 7 _aقواعد السلوك.
650 1 7 _aالدبلوماسي.
942 _2ddc
_cBK
999 _c105743
_d105743